| 000 | 006670000a22001810004500 | ||
|---|---|---|---|
| 003 | MACL | ||
| 005 | 20160604140853.0 | ||
| 008 | 160604b xxu||||| |||| 00| 0 eng d | ||
| 040 |
_aMACL _cMACL |
||
| 041 | _aHindi | ||
| 082 | _a920 | ||
| 100 |
_aप्रो राय, पूर्णमासी _962405 |
||
| 245 |
_aजन्मभूमि से कर्मभूमि अनुभव के झरोखे से _cप्रो पूर्णमासी राय |
||
| 260 |
_aदिल्ली _bप्रेम प्रकाशन मंदिर _c2011 |
||
| 350 | _a150 | ||
| 650 |
_aAutobiography _962406 |
||
| 942 |
_cHIN _k920/ROY _2ddc |
||
| 999 |
_c48892 _d48892 |
||